Armes Call of duty Black Ops 2 - Statistiques

Statistiques générales
  • Ce quiz a été pris 171 fois
  • Le résultat moyen est 17 sur 39
Statistiques - réponses
Style d'arme Nom de l'arme % Correct
FUSILS DE PRÉCISION BALLISTA
90%
FUSILS DE PRÉCISION DSR 50
84%
FUSILS D'ASSAUT AN-94
72%
MITRAILLETTES MSMC
68%
MITRAILLETTES MP7
65%
MITRAILLETTES SKORPION EVO
63%
FUSILS D'ASSAUT SCAR-H
61%
FUSILS D'ASSAUT M8A1
58%
FUSILS D'ASSAUT MTAR
54%
PISTOLETS B23R
52%
FUSILS À POMPE R870 MCS (Remington)
52%
FUSILS DE PRÉCISION XPR-50
51%
SPÉCIALES COUTEAU BALISTIQUE
48%
FUSILS-MITRAILLEURS LSAT
48%
PISTOLETS FIVE SEVEN
46%
FUSILS À POMPE KSG
45%
FUSILS D'ASSAUT FAL
44%
SPÉCIALES ARBALETE
43%
MITRAILLETTES PEACEKEEPER
43%
SPÉCIALES BOUCLIER DE COMBAT
42%
MITRAILLETTES PDW-57
41%
FUSILS-MITRAILLEURS HAMR
40%
LANCEURS RPG 7
40%
PISTOLETS KAP-40
39%
MITRAILLETTES VECTOR
39%
MITRAILLETTES CHICOM CQB
38%
PISTOLETS EXECUTEUR
38%
FUSILS D'ASSAUT M27
38%
PISTOLETS TAC-45
37%
FUSILS DE PRÉCISION SVU-AS
36%
FUSILS D'ASSAUT TYPE 25
35%
FUSILS D'ASSAUT SWAT 556
30%
FUSILS D'ASSAUT SMR
28%
FUSILS-MITRAILLEURS MK48
23%
FUSILS À POMPE S12 (Saiga-12)
22%
FUSILS À POMPE M1216
21%
LANCEURS SMAW
16%
LANCEURS FHJ-18 AA
11%
FUSILS-MITRAILLEURS GBB-LSW
4%
Aucun quiz correspondant
Distribution des résultats
% des personnes avec chaque résultat
Percentile par nombre de réponses
Votre historique - résultats
Vous n’avez pas pris ce quiz